Zaujalo nás Globálny inovačný index 2024

Svetová organizácia duševného vlastníctva na jeseň 2024 publikovala nový Globálny inovačný index 2024 (GII), ktorý opäť hodnotí inovačný potenciál krajín sveta. Do hodnotenia bolo zaradených 133 svetových ekonomík. Článok opisuje výsledky rebríčka a pozíciu Slovenska v jednotlivých kategóriách a obl...

ver descrição completa

Na minha lista:
Detalhes bibliográficos
Autor principal: Šimková, Patrícia
Outros Autores: Žatkuliak, Emil
Formato: Capítulo de Livro
Idioma:eslovaco
Assuntos:
Tags: Adicionar Tag
Sem tags, seja o primeiro a adicionar uma tag!

MARC

LEADER 00000naa a2200000 4500
001 0310800
005 20250613161208.7
041 0 |a slo 
044 |a SK 
245 1 0 |a Zaujalo nás  |b Globálny inovačný index 2024  |c Patrícia Šimková, Emil Žatkuliak 
520 |a Svetová organizácia duševného vlastníctva na jeseň 2024 publikovala nový Globálny inovačný index 2024 (GII), ktorý opäť hodnotí inovačný potenciál krajín sveta. Do hodnotenia bolo zaradených 133 svetových ekonomík. Článok opisuje výsledky rebríčka a pozíciu Slovenska v jednotlivých kategóriách a oblastiach. 
610 2 0 |a vlastníctvo duševné 
610 2 0 |a indexy 
610 2 0 |a ranking 
610 2 0 |a výkonnosť inovačná 
610 2 0 |a konkurencieschopnosť 
610 2 0 |a výkony podnikové 
610 2 0 |a podpora vedy a výskumu 
610 2 0 |a ekonomika znalostná 
610 2 0 |a svet 
610 2 0 |a Slovensko 
100 1 |a Šimková, Patrícia 
700 1 |a Žatkuliak, Emil